Escultura : exposició de treballs del taller d'escultura exposició de treballs del taller d'escultura
Descripción Física:
1 f. plegat en 4 parts : il. col., fot. ; 17 x 36 cm plegat a 17 x 7 cm
MARC
| LEADER | 00000nam a2200000Ia 4500 | ||
|---|---|---|---|
| 001 | 24340 | ||
| 003 | BGR | ||
| 005 | 20260324180611.0 | ||
| 008 | 160829s9999 xx 000 0 cat d | ||
| 080 | |a FU-64-155 | ||
| 245 | |a Escultura : |b exposició de treballs del taller d'escultura | ||
| 260 | |a Barcelona : |b Diputació de Barcelona. Àrea d'Educació. Escola d'Arts i Oficis, [2001] | ||
| 300 | |a 1 f. plegat en 4 parts : |b il. col., fot. ; |c 17 x 36 cm plegat a 17 x 7 cm | ||
| 590 | |a Fulletó informatiu de la exposició, titulada: "Escultura" (de l'1 d'octubre al 9 de novembre de 2001) a l'Escola d'Arts i Oficis | ||
| 610 | 2 | 0 | |a Escola d'Arts i Oficis (Barcelona, Catalunya) |v Exposicions |9 55876 |
| 710 | 2 | |a Escola d'Arts i Oficis (Barcelona, Catalunya) |9 55874 | |
| 901 | |a Arxiu | ||
| 942 | |n 1 |2 udc |c MON | ||
| 952 | |0 0 |1 0 |4 0 |6 FU64155 |7 1 |9 55582 |a Arxiu |b Arxiu |d 2016-12-01 |l 0 |o FU-64-155 |p 24340 |r 2016-12-01 00:00:00 |w 2016-12-01 |y ARXIU | ||
| 999 | |c 59455 |d 59455 | ||